[Event "Pan American-ch U12"]
[Site "Montevideo"]
[Date "2022.06.27"]
[Round "3"]
[White "Perez Rojas, Felipe"]
[Black "Mora Valles, Joaquin"]
[Result "1-0"]
[WhiteElo "1117"]
[BlackElo "1408"]
[PlyCount "61"]
[EventDate "2022.06.26"]
[EventType "swiss"]
[EventRounds "9"]
[EventCountry "URU"]
[SourceTitle "EXT 2023"]
[Source "ChessBase"]
[SourceDate "2022.10.05"]
[SourceVersion "1"]
[SourceVersionDate "2022.10.05"]
[SourceQuality "1"]

1. d4 d5 2. Bf4 e6 3. e3 Nf6 4. Nf3 Bd6 5. Bg3 0-0 6. c4 c6 7. c5 Be7 8. Bd3 b6 9. b4 Re8 10. Nc3 b5 11. 0-0 Bf8 12. a4 bxa4 13. Rxa4 Bb7 14. Qa1 a5 15. Bxb8 Qxb8 16. bxa5 Ba6 17. Bxa6 Rxa6 18. Rb1 Qc7 19. Rb6 Ra7 20. Ne5 Rea8 21. Rxc6 Qxa5 22. Rxa5 Rxa5 23. Qb1 Ra1 24. Rb6 Rxb1+ 25. Rxb1 Ra3 26. Nb5 Ra5 27. c6 Rxb5 28. Rxb5 Ne4 29. Rb8 f6 30. Nd7 Nd6 31. Rxf8# 1-0

[Event "CHI-ch sf qual U1600"]
[Site "La Cruz"]
[Date "2019.12.29"]
[Round "1.2"]
[White "Perez Rojas, Felipe"]
[Black "Neira Zamudio, Rafael Thomas"]
[Result "0-1"]
[WhiteElo "987"]
[BlackElo "1466"]
[PlyCount "100"]
[EventDate "2019.12.29"]
[EventType "swiss"]
[EventRounds "5"]
[EventCountry "CHI"]
[SourceTitle "EXT 2024"]
[Source "ChessBase"]
[SourceDate "2023.10.10"]
[SourceVersion "1"]
[SourceVersionDate "2023.10.10"]
[SourceQuality "1"]

1. d4 c5 2. c3 Nf6 3. Bf4 Qb6 4. b3 g6 5. e3 Bg7 6. Nf3 0-0 7. dxc5 Qxc5 8. b4 Qc6 9. Nbd2 Qxc3 10. Rb1 d6 11. Bc4 Qa3 12. Rb3 Qa4 13. 0-0 Qd7 14. e4 b5 15. Bd3 Bb7 16. Re1 e5 17. Bg3 Nh5 18. a3 a6 19. Rc3 Nc6 20. Qc1 Rfc8 21. Nb3 Ne7 22. Re2 Rxc3 23. Qxc3 Rc8 24. Qb2 Nxg3 25. fxg3 f5 26. Qd2 fxe4 27. Bxe4 Bxe4 28. Rxe4 Qf5 29. Re3 Qb1+ 30. Ne1 Bh6 31. Kf2 Qxb3 32. Rxb3 Bxd2 33. Nf3 Bh6 34. h4 Rc2+ 35. Kg1 Nc6 36. Ne1 Rc1 37. Kf2 e4 38. Ke2 Nd4+ 39. Kf2 Nxb3 40. g4 Rxe1 41. Kxe1 d5 42. g5 Bg7 43. Ke2 d4 44. Kd1 d3 45. Ke1 e3 46. Kd1 e2+ 47. Ke1 Bc3+ 48. Kf2 e1Q+ 49. Kf3 Qe2+ 50. Kf4 Be5# 0-1